000 01845nam a22002417a 4500
999 _c61593
_d61593
003 Ge_BSU
005 20240326160839.0
008 240326s2004 ge ||||| |||| 00| 0 geo d
020 _a9994011995
041 _ageo
080 _a902.2(479.221.1) ბ-65
100 _aბიბილური, თემურ, ავტ.
_921597
245 _aსამთავროს სამაროვნის ახ. წ. II-IV სს. არქეოლოგიური ძეგლები /
_cთემურ ბიბილური, ნუკრი ღლონტი, რედ. პაატა გაფრინდაშვილი ; ტექსტის ინგლ. ვარიანტი-თამარ ქვლივიძე ; წიგნის მომზადებაზე მუშაობდნენ: რუსუდან ბაზალელი, ივანე ბიბილური, ქეთევან თათარაშვილი
264 _aთბილისი :
_bარტანუჯი,
_c2004.
300 _a67გვ. :
_b ილ. ;
_c20 სმ.
504 _aბიბლიოგრ.: გვ. 63-67.
653 _aარქეოლოგიური გათხრები მცხეთაში. სამთავროს სამაროვანი.
653 _aარქეოლოგია
700 _aღლონტი, ნუკრი
_921598
700 _aგაფრინდაშვილი, პაატა
_eრედაქტორი და სხვ.
_921599
710 _aსაქ. კულტ., ძეგლთა დაცვისა და სპორტის სამ., დიდი მცხეთის მუზეუმ-ნაკრძალი.
_921600
942 _2udc
_cᲬᲘᲒᲜᲘ